000 01223nam0a22002651 4500
001 rc\2731943
005 20230525141434.0
035 _a(NLR Aleph) 006859297
090 _a6830487
_c6830487
100 _a20110915d1937 |||y0rusy50 ca
101 0 _arus
102 _aRU
105 _ay z |||||
200 1 _aМестные удобрения
_fКандидат с.-х. наук В. Г. Лошенко
_gПод ред. дир. Лен. зон. льнян. опыт. станции, кандидата с.-х. наук В. А. Кудрявцева и ст. агр. Псковск. окрзу В. А. Лоле
210 _aПсков
_cтип. Окр. изд-ва "Псковск. колхозник"
_d1937
215 _a16 с.
_d20х14 см.
225 1 _aВ помощь кружкам агротехучебы
_fПсковск. окр. зем. упр. и Ленингр. зональная льняная опыт. станция
320 _aБиблиогр.: "Литература" (5 назв.)
700 1 _aЛошенко
_bВ. Г.
_gВасилий Герасимович
801 0 _aRU
_bNLR
_gpsbo
801 1 _aRU
_bELAR
_2rusmarc
852 _aNLR
_j37-10/1664
942 _cBOOK
980 _aNB